Teoretické základy konzervace potravin
Na minha lista:
| Autor principal: | |
|---|---|
| Formato: | Livro |
| Idioma: | idioma desconhecido |
| Publicado em: |
Praha
SNTL
1988
|
| Acesso em linha: | View in OPAC |
| Tags: |
Sem tags, seja o primeiro a adicionar uma tag!
|
MARC
| LEADER | 00000nam a2200000 a 4500 | ||
|---|---|---|---|
| 005 | 20260127134229.0 | ||
| 008 | 970612s1988 xx 0 und c | ||
| 035 | |a vtls001290347 | ||
| 035 | |a SNK000241989 | ||
| 039 | 9 | |a 200902241326 |b mschk03 |y 200412271621 |z VLOAD | |
| 040 | |a SNK |b slo |c SNK |d STUSCHK1 |e AACR2 | ||
| 100 | 1 | |a Kyzlink, Vladimír | |
| 245 | 1 | |a Teoretické základy konzervace potravin | |
| 260 | |a Praha |b SNTL |c 1988 | ||
| 300 | |a 511 s. | ||
| 910 | |a SCHK95 | ||
| 999 | |c 7317 |d 7317 | ||